Madhuri dixit (Record no. 241308)

MARC details
000 -LEADER
fixed length control field 00977nam a22002177a 4500
003 - CONTROL NUMBER IDENTIFIER
control field St Aloysius Coll
005 - DATE AND TIME OF LATEST TRANSACTION
control field 20260418162858.0
008 - FIXED-LENGTH DATA ELEMENTS--GENERAL INFORMATION
fixed length control field 260418b |||||||| |||| 00| 0 eng d
020 ## - INTERNATIONAL STANDARD BOOK NUMBER
International Standard Book Number 9788198870667
040 ## - CATALOGING SOURCE
Transcribing agency AL
041 ## - LANGUAGE CODE
Language code of text/sound track or separate title English
082 ## - DEWEY DECIMAL CLASSIFICATION NUMBER
Classification number 791.43092
Item number HANM
100 ## - MAIN ENTRY--PERSONAL NAME
Personal name Basil Hans V
9 (RLIN) 262198
245 ## - TITLE STATEMENT
Title Madhuri dixit
Remainder of title : the eternal enchantress
260 ## - PUBLICATION, DISTRIBUTION, ETC.
Place of publication, distribution, etc. Ghaziabad
Name of publisher, distributor, etc. P&P Academy
Date of publication, distribution, etc. 2025
300 ## - PHYSICAL DESCRIPTION
Extent 128p.
Other physical details PB
Dimensions 21x14cm
365 ## - TRADE PRICE
Source of price type code General
520 ## - SUMMARY, ETC.
Summary, etc. In Madhuri Dixit: The eternal enchantress readers are invited to explore the multifaceted life of a woman who has continually reinvented herself. both on and off the screen. from her early days as a young girl with dreams of stardom in Mumbai. to her evolution into one of Bollywood's most revered actresses. Madhuri's journey is a testament to her resilience and unwavering commitment to her craft.
650 ## - SUBJECT ADDED ENTRY--TOPICAL TERM
Source of heading or term Public Performances
Topical term or geographic name entry element Arts and Recreation
9 (RLIN) 262199
942 ## - ADDED ENTRY ELEMENTS (KOHA)
Source of classification or shelving scheme Dewey Decimal Classification
Koha item type Book
Holdings
Withdrawn status Lost status Source of classification or shelving scheme Damaged status Not for loan Collection code Home library Current library Date acquired Total Checkouts Full call number Barcode Date last seen Price effective from Koha item type
    Dewey Decimal Classification     General St Aloysius PG Library St Aloysius PG Library 04/16/2026   791.43092 HANM PG025247 04/18/2026 04/18/2026 Donated Books